01673nam a22002897a 4500003000900000008004100009040007100050082002400121110003600145245008800181260005300269300003300322440012400355505062300479650001401102650002601116650001901142650002801161650002401189700002001213700001801233700003201251700003401283700001901317700002501336700002201361AR-CdUCM190425b ||||| |||| 00| 0 spa d aMUNICIPALIDAD PROVINCIAL DEL CUSCOcBIBLIOTECA MUNICIPAL DEL CUSCO aRev.Andi/N°26/1995 aCentro Bartolomé de Las Casas aRevista andina /cCentro de estudios rurales andinos Bartolomé de Las Casas Cusco aCusco :bCentro Bartolomé de Las Casas,c1995. a311-508 páginas. :c23 cm. aPublicación Semestral del Centro Bartolomé de Las Casas Cusco.nAño 13, Número 26, N°2, Segundo semestre 1995. aContenido: Terror e identidad en los Andes el caso del noroeste argentino. Alejandro Isla, Julie Taylor. -- La amenaza chola la participación popular en las elecciones bolivianas, 1900-1930. Marta Irurozqui Victoriano. -- Imágenes, intelecto, palabras el ojo del sueño en la formación de un maestro ceremonial aymara. Gerardo Fernández Juárez. -- Relectura de Runasimimanta Yuyaychakusun desde el Collao boliviano. Xavier Albó. -- Pragmática del quechua nuevos enfoques. Guido Pilares Casas. -- Balance de los estudios moche Mochicas 1970-1994. Segunda parte trabajos arqueológicos. Daniel Arsenault. aIdentidad aElecciones bolivianas aCultura andina aLingüística quechua aReligiosidad andina aIsla, Alejandro aTaylor, Julie aIrurozqui Victoriano, Marta aFernández Juárez, Gerardo aAlbó, Xavier aPilares Casas, Guido aArsenault, Daniel